| 000 | 01004pam a2200313 i 4500 | ||
|---|---|---|---|
| 999 |
_c3533 _d3533 |
||
| 001 | 3699574 | ||
| 003 | GZU | ||
| 005 | 20201202100022.0 | ||
| 008 | 790803s1979 nyub b 001 0 eng | ||
| 010 | _a 79019550 | ||
| 020 |
_a0195201515 : _c$12.50 |
||
| 020 |
_a0195201523 (pbk.) : _c$4.95 |
||
| 040 |
_aDLC _cDLC _dDLC |
||
| 043 | _aa-cc--- | ||
| 050 | 0 | 0 |
_aHD5830.A6 _bRAW 1979 |
| 082 | 0 | 0 | _a331.1/0951 |
| 100 | 1 |
_aRawski, Thomas G., _d1943- |
|
| 245 | 1 | 0 |
_aEconomic growth and employment in China / _cThomas G. Rawski. |
| 260 |
_aNew York : _bPublished for the World Bank [by] Oxford University Press, _cc1979. |
||
| 300 |
_axiv, 194 p. : _bmap ; _c23 cm. |
||
| 500 | _aIncludes index. | ||
| 504 | _aBibliography: p. 177-188. | ||
| 650 | 0 |
_aLabor supply _zChina. |
|
| 650 | 0 |
_aEmployment forecasting _zChina. |
|
| 650 | 0 |
_aUnemployed _zChina. |
|
| 651 | 0 |
_aChina _xEconomic conditions _y1949-1976. |
|
| 906 |
_a7 _bcbc _corignew _d1 _eocip _f19 _gy-gencatlg |
||
| 942 |
_2lcc _cBK _h5830.A6 _iRAW _kHD |
||